| 000 | 00545nam a2200181Ia 4500 | ||
|---|---|---|---|
| 008 | 090630s9999 xx 000 0 und d | ||
| 082 | _b14742 | ||
| 100 | _aबांदोडकर व. पु. | ||
| 245 |
_aदणका. _cबांदोडकर व. पु. |
||
| 260 |
_bप्रिया. _c1990 |
||
| 300 | _a183 | ||
| 600 | _aबांदोडकर व. पु. | ||
| 630 | _aदणका. | ||
| 655 | _aकादंबरी. | ||
| 700 | _aबांदोडकर व. पु. | ||
| 730 | _aदणका. | ||
| 942 | _cBOOK | ||
| 999 |
_c266598 _d266598 |
||